000 00530nam a2200217Ia 4500
003 0100
008 130303s9999 xx 000 0 und d
040 _cARRUPELIB
050 _aBC311.M32
100 _aMaritain, Jacques
245 3 _aAn introduction to logic
260 _aNew York
260 _bSheed and Ward
260 _C1937
300 _axii
300 _b 300p. 22cm.
650 _bMissions - Portuguese
650 _cCatholic church in Portugal
650 _dChurch and State in Portugal
942 _2lcc
_02
999 _c67112
_d67112